Metallica - Creeping Death lyrics - Statistics

General Stats
  • This quiz has been taken 9 times
  • The average score is 152 of 230
Answer Stats
Answer % Correct
one
100%
born
86%
Born
86%
done
86%
Hebrews
86%
I
86%
serve
86%
Slaves
86%
the
86%
The
86%
to
86%
To
86%
and
71%
be
71%
Blood
71%
blood
71%
by
71%
chosen
71%
creep
71%
creeping
71%
death
71%
deliverer
71%
every
71%
fire
71%
first
71%
here
71%
his
71%
I’m
71%
it
71%
kill
71%
let
71%
Pharaoh
71%
red
71%
sent
71%
So
71%
son
71%
word
71%
written
71%
Bush
57%
Down
57%
fear
57%
Four
57%
go
57%
Go
57%
Goshen
57%
Heed
57%
hundred
57%
in
57%
Land
57%
land
57%
Live
57%
my
57%
Nile
57%
Now
57%
of
57%
people
57%
running
57%
strong
57%
thee
57%
unknown
57%
will
57%
with
57%
years
57%
across
43%
air
43%
days
43%
destroyer
43%
Die
43%
Faith
43%
Hail
43%
hand
43%
Killing
43%
long
43%
man
43%
midnight
43%
must
43%
rule
43%
something
43%
soon
43%
there
43%
three
43%
Wait
43%
darkness
29%
first-born
29%
Plague
29%
shall
29%
Deadly
14%
door
14%
lambs
14%
mass
14%
painted
14%
pass
14%
steps
14%
Final
0%
floor
0%
No matching quizzes found
Score Distribution
Percent of People with Each Score
Percentile by Number Answered
Your Score History
You have not taken this quiz